[Event "36. Copenhagen Open (Politiken Cup)"]
[Site "Elsinore"]
[Date "2014.07.22"]
[Round "2"]
[White "Hillarp Persson, Tiger"]
[Black "Hendrickson, Nolan"]
[Result "1-0"]
[WhiteElo "2564"]
[BlackElo "2168"]
[PlyCount "45"]
[EventDate "2014.07.21"]
[EventType "swiss"]
[EventRounds "10"]
[EventCountry "DEN"]
[Source "ChessBase"]
[SourceDate "2014.08.29"]

1. d4 Nf6 2. c4 c6 3. Nf3 d5 4. Nc3 a6 5. e3 g6 6. Bd3 Bg7 7. O-O O-O 8. h3
dxc4 9. Bxc4 b5 10. Bd3 c5 11. dxc5 Nfd7 12. Ne4 f5 13. Qb3+ Kh8 14. Rd1 Qe8
15. Neg5 Nxc5 16. Qd5 Qc6 17. Nf7+ Rxf7 18. Qxf7 Be6 19. Bxb5 Qc8 20. Qxe7 axb5
21. Rd8+ Qxd8 22. Qxd8+ Bg8 23. Bd2 1-0

[Event "36. Copenhagen Open (Politiken Cup)"]
[Site "Elsinore"]
[Date "2014.07.22"]
[Round "2"]
[White "Hinrichs, Jan"]
[Black "Ikeda, Junta"]
[Result "0-1"]
[WhiteElo "2124"]
[BlackElo "2402"]
[PlyCount "56"]
[EventDate "2014.07.21"]
[EventType "swiss"]
[EventRounds "10"]
[EventCountry "DEN"]
[Source "ChessBase"]
[SourceDate "2014.08.29"]

1. d4 Nf6 2. c4 e6 3. g3 d5 4. Bg2 Bb4+ 5. Bd2 c5 6. Bxb4 cxb4 7. a3 dxc4 8.
Qa4+ Bd7 9. Qxb4 Bc6 10. Bxc6+ Nxc6 11. Qxc4 Qxd4 12. Qb3 Ne4 13. e3 Qf6 14. f4
O-O-O 15. Ne2 Nc5 16. Qc3 Nd3+ 17. Kf1 Nxb2 18. Qxf6 gxf6 19. Nbc3 f5 20. Kf2
Rd2 21. Kf3 Rhd8 22. Rac1 Kb8 23. h3 h5 24. Rhg1 R2d3 25. a4 Na5 26. Kf2 Nac4
27. e4 Re3 28. Rc2 fxe4 0-1

[Event "36. Copenhagen Open (Politiken Cup)"]
[Site "Elsinore"]
[Date "2014.07.22"]
[Round "2"]
[White "Hobber, Anders"]
[Black "Thaler, Toni"]
[Result "1-0"]
[WhiteElo "2315"]
[BlackElo "2081"]
[PlyCount "41"]
[EventDate "2014.07.21"]
[EventType "swiss"]
[EventRounds "10"]
[EventCountry "DEN"]
[Source "ChessBase"]
[SourceDate "2014.08.29"]

1. d4 f5 2. Nc3 d5 3. Bf4 Nf6 4. e3 e6 5. Nf3 c5 6. Nb5 Na6 7. c3 Be7 8. Be2
O-O 9. O-O Ne4 10. Nd2 Bd7 11. a4 Bc6 12. Nxe4 fxe4 13. Bg3 Qd7 14. b3 cxd4 15.
Nxd4 Qc8 16. Rc1 Bd7 17. c4 Ba3 18. Ra1 Bb2 19. Rb1 Ba3 20. cxd5 exd5 21. Nb5
1-0

[Event "36. Copenhagen Open (Politiken Cup)"]
[Site "Elsinore"]
[Date "2014.07.22"]
[Round "2"]
[White "Hoi, Carsten"]
[Black "Ivarsson, Torbjorn"]
[Result "1-0"]
[WhiteElo "2401"]
[BlackElo "2131"]
[PlyCount "71"]
[EventDate "2014.07.21"]
[EventType "swiss"]
[EventRounds "10"]
[EventCountry "DEN"]
[Source "ChessBase"]
[SourceDate "2014.08.29"]

1. d4 Nf6 2. Nf3 e6 3. e3 d5 4. Bd3 c5 5. b3 Nc6 6. O-O Be7 7. Bb2 O-O 8. Nbd2
b6 9. a3 Bb7 10. Qe2 Rc8 11. Rad1 Qc7 12. c4 cxd4 13. exd4 Qf4 14. Qe3 Bd6 15.
Qxf4 Bxf4 16. c5 bxc5 17. dxc5 a5 18. Rfe1 Nd7 19. Rc1 e5 20. Bf5 Rcd8 21. Bxd7
Rxd7 22. Bxe5 Nxe5 23. Nxe5 Re7 24. Nef3 Rfe8 25. Rxe7 Rxe7 26. g3 Bh6 27. c6
Bc8 28. Rc5 g5 29. Rxd5 Bh3 30. Re5 Rc7 31. Nxg5 Bc8 32. Rxa5 Rxc6 33. Nc4 Ba6
34. Rf5 Bc8 35. Ra5 Ba6 36. Nxf7 1-0

[Event "36. Copenhagen Open (Politiken Cup)"]
[Site "Elsinore"]
[Date "2014.07.22"]
[Round "2"]
[White "Hojgaard, Brandur"]
[Black "Mottonen, Ari"]
[Result "0-1"]
[WhiteElo "1779"]
[BlackElo "2000"]
[PlyCount "98"]
[EventDate "2014.07.21"]
[EventType "swiss"]
[EventRounds "10"]
[EventCountry "DEN"]
[Source "ChessBase"]
[SourceDate "2014.08.29"]

1. e4 e6 2. d4 d5 3. e5 c5 4. c3 Nc6 5. Nf3 Qb6 6. a3 c4 7. Be3 Qxb2 8. Nbd2
Qxc3 9. Be2 Nge7 10. O-O Nf5 11. Qa4 Qa5 12. Qc2 Be7 13. g4 Nxe3 14. fxe3 Bd7
15. Rfb1 b5 16. Nf1 a6 17. Ng3 Qd8 18. Kg2 O-O 19. h4 f6 20. exf6 gxf6 21. Rh1
Bd6 22. Nh5 e5 23. g5 e4 24. Rag1 Kh8 25. Kf2 Bf5 26. Nh2 fxg5 27. hxg5 Bxa3
28. Ke1 Bd6 29. Nf6 Rxf6 30. gxf6 Qxf6 31. Ng4 Qe6 32. Rh6 Bg6 33. Rgh1 Nb4 34.
Qd2 Rc8 35. Ne5 c3 36. Nxg6+ Qxg6 37. Rxg6 cxd2+ 38. Kxd2 Rc2+ 39. Kd1 Ra2 40.
Rgg1 Nc2 41. Bh5 Nxe3+ 42. Kc1 Ba3+ 43. Kb1 Rb2+ 44. Kc1 b4 45. Re1 b3 46. Be8
Nc4 47. Ba4 Rc2+ 48. Kb1 Nd2+ 49. Ka1 Ra2# 0-1

[Event "36. Copenhagen Open (Politiken Cup)"]
[Site "Elsinore"]
[Date "2014.07.22"]
[Round "2"]
[White "Holmstrom, Johan Ravnborg"]
[Black "Schjolin, John"]
[Result "1-0"]
[WhiteElo "1834"]
[BlackElo "1317"]
[PlyCount "73"]
[EventDate "2014.07.21"]
[EventType "swiss"]
[EventRounds "10"]
[EventCountry "DEN"]
[Source "ChessBase"]
[SourceDate "2014.08.29"]

1. d4 Nf6 2. c4 d5 3. Nf3 e6 4. g3 b6 5. Bg2 Bd6 6. Nc3 Ba6 7. cxd5 exd5 8. Bg5
c6 9. Rc1 Nbd7 10. O-O O-O 11. a3 Re8 12. Re1 h6 13. Bxf6 Nxf6 14. Nd2 Bc8 15.
b4 Bf5 16. Qb3 b5 17. f3 Bf8 18. Qb2 Be6 19. Nb3 a6 20. Nd1 Bd7 21. Nf2 Rb8 22.
e4 dxe4 23. fxe4 Rb6 24. Nd3 Re6 25. Nf4 Re8 26. e5 Nd5 27. Nxd5 cxd5 28. Bxd5
Be6 29. Bxe6 Rexe6 30. Nc5 Bxc5 31. bxc5 Rbc6 32. Red1 Re8 33. d5 Rg6 34. Qd4
Qg5 35. Re1 Rxe5 36. Qxe5 Qxe5 37. Rxe5 1-0

[Event "36. Copenhagen Open (Politiken Cup)"]
[Site "Elsinore"]
[Date "2014.07.22"]
[Round "2"]
[White "Hoti, Nimon"]
[Black "Merkesvik, Frode"]
[Result "1-0"]
[WhiteElo "1887"]
[BlackElo "1633"]
[PlyCount "89"]
[EventDate "2014.07.21"]
[EventType "swiss"]
[EventRounds "10"]
[EventCountry "DEN"]
[Source "ChessBase"]
[SourceDate "2014.08.29"]

1. e4 e6 2. d4 d5 3. Nc3 c5 4. Be3 cxd4 5. Qxd4 Nc6 6. Bb5 Bd7 7. Bxc6 Bxc6 8.
O-O-O Ne7 9. Nge2 f6 10. f4 Qd7 11. Kb1 b6 12. g4 O-O-O 13. Ng3 Ng6 14. exd5
exd5 15. Qd3 Kb7 16. Rhg1 Bb4 17. Nf5 Bxc3 18. Qxc3 Rc8 19. Qb4 Rhd8 20. h4 Qc7
21. h5 Nf8 22. Nd4 Qd6 23. Qd2 Ne6 24. Nf5 Qc7 25. Qb4 Be8 26. Rd2 Nc5 27. Bxc5
Qxc5 28. Qxc5 bxc5 29. Nxg7 Bf7 30. Re1 Rc7 31. Nf5 Rcd7 32. c3 Kb6 33. b3 a5
34. Kb2 Rg8 35. Nh6 Re8 36. Rxe8 Bxe8 37. Re2 Bf7 38. Nxf7 Rxf7 39. Re6+ Kc7
40. h6 d4 41. Kc2 dxc3 42. Kxc3 f5 43. g5 Kd7 44. Ra6 Re7 45. Ra7+ 1-0

[Event "36. Copenhagen Open (Politiken Cup)"]
[Site "Elsinore"]
[Date "2014.07.22"]
[Round "2"]
[White "Houska, Jovanka"]
[Black "Klings, Peter"]
[Result "1-0"]
[WhiteElo "2409"]
[BlackElo "2128"]
[PlyCount "67"]
[EventDate "2014.07.21"]
[EventType "swiss"]
[EventRounds "10"]
[EventCountry "DEN"]
[Source "ChessBase"]
[SourceDate "2014.08.29"]

1. d4 Nf6 2. Nf3 e6 3. c4 Nc6 4. Nc3 Bb4 5. Bd2 O-O 6. a3 Bxc3 7. Bxc3 Ne4 8.
Qc2 Nxc3 9. Qxc3 d6 10. e3 Re8 11. Be2 e5 12. d5 Ne7 13. O-O Bg4 14. Rfd1 Ng6
15. Qc2 Bxf3 16. Bxf3 Qg5 17. g3 f5 18. Bg2 e4 19. c5 Re7 20. Rd4 dxc5 21. Qxc5
Ne5 22. Rad1 b6 23. Qb5 Rd8 24. d6 Rxd6 25. Rxd6 cxd6 26. Rxd6 g6 27. h4 Qg4
28. Rd8+ Kg7 29. Qb4 Kf7 30. Bf1 g5 31. Bc4+ Nxc4 32. Qxc4+ Kf6 33. Rf8+ Ke5
34. Qd4+ 1-0

[Event "36. Copenhagen Open (Politiken Cup)"]
[Site "Elsinore"]
[Date "2014.07.22"]
[Round "2"]
[White "Huse, Sigurd Kjelsbol"]
[Black "Christenson, Bjorn Aa"]
[Result "0-1"]
[WhiteElo "1675"]
[BlackElo "1931"]
[PlyCount "100"]
[EventDate "2014.07.21"]
[EventType "swiss"]
[EventRounds "10"]
[EventCountry "DEN"]
[Source "ChessBase"]
[SourceDate "2014.08.29"]

1. e4 c5 2. Nf3 d6 3. Bb5+ Bd7 4. Bxd7+ Nxd7 5. c4 Ngf6 6. Nc3 e6 7. d4 cxd4 8.
Nxd4 a6 9. O-O Be7 10. Be3 O-O 11. f3 Rc8 12. Qe2 Qc7 13. Rac1 Rfe8 14. b3 Qa5
15. Qd2 Rcd8 16. Rfd1 Qh5 17. Nde2 Nb8 18. Nf4 Qa5 19. Qf2 Rc8 20. Bb6 Qg5 21.
Be3 Qe5 22. Nd3 Qa5 23. Bb6 Qh5 24. Nf4 Qh6 25. Be3 g5 26. Nh3 Nh5 27. f4 g4
28. f5 Qg7 29. Nf4 Nxf4 30. Bxf4 Bf6 31. Ne2 exf5 32. exf5 Be5 33. Ng3 Qf6 34.
Bxe5 Qxe5 35. Rd4 f6 36. Rxg4+ Kf7 37. Re4 Qa5 38. Rce1 Re5 39. Rxe5 dxe5 40.
Ne4 Rd8 41. Qh4 Nd7 42. Qxh7+ Kf8 43. Qh8+ Kf7 44. Nd6+ Ke7 45. Qxd8+ Qxd8 46.
Ne4 Qb6+ 47. Kf1 Nc5 48. Nxc5 Qxc5 49. Re2 Qd4 50. Rf2 Qd1# 0-1

[Event "36. Copenhagen Open (Politiken Cup)"]
[Site "Elsinore"]
[Date "2014.07.22"]
[Round "2"]
[White "Hviid, Hans Henrik"]
[Black "Olsson, Tomas"]
[Result "0-1"]
[WhiteElo "1540"]
[BlackElo "1872"]
[PlyCount "70"]
[EventDate "2014.07.21"]
[EventType "swiss"]
[EventRounds "10"]
[EventCountry "DEN"]
[Source "ChessBase"]
[SourceDate "2014.08.29"]

1. d4 Nf6 2. g3 g6 3. Bg2 Bg7 4. e4 d6 5. Nf3 Nxe4 6. O-O O-O 7. Qe2 f5 8. Nbd2
Nxd2 9. Bxd2 e6 10. Ng5 Re8 11. c3 h6 12. Nh3 e5 13. Rfe1 c6 14. Nf4 Kh7 15. d5
Bd7 16. Nd3 c5 17. f3 b5 18. b3 Na6 19. a3 Nc7 20. c4 a5 21. Rec1 a4 22. b4
bxc4 23. Rxc4 e4 24. fxe4 Bxa1 25. bxc5 dxc5 26. Nxc5 Bb5 27. Qe3 Bg7 28. Rd4
Ne6 29. Nxe6 Rxe6 30. dxe6 Bxd4 31. exf5 Bxe3+ 32. Bxe3 Qd1+ 33. Kf2 Qe2+ 34.
Kg1 Qxe3+ 35. Kh1 Qe1+ 0-1

[Event "36. Copenhagen Open (Politiken Cup)"]
[Site "Elsinore"]
[Date "2014.07.22"]
[Round "2"]
[White "Hyldkrog, Lars"]
[Black "Bratveit, Kristoffer"]
[Result "1-0"]
[WhiteElo "1963"]
[BlackElo "1724"]
[PlyCount "45"]
[EventDate "2014.07.21"]
[EventType "swiss"]
[EventRounds "10"]
[EventCountry "DEN"]
[Source "ChessBase"]
[SourceDate "2014.08.29"]

1. e4 e6 2. d4 d5 3. Nd2 Nf6 4. e5 Nfd7 5. c3 c5 6. Bd3 Nc6 7. Ne2 cxd4 8. cxd4
Be7 9. O-O O-O 10. Nf3 f6 11. exf6 Nxf6 12. Bf4 Nb4 13. Bb1 Bd7 14. a3 Nc6 15.
Bd3 Rc8 16. Qb1 Be8 17. Ng5 Qd7 18. Bxh7+ Kh8 19. Bg6 Bd6 20. Qd3 Ne7 21. Qh3+
Kg8 22. Bh7+ Kh8 23. Bf5+ 1-0

[Event "36. Copenhagen Open (Politiken Cup)"]
[Site "Elsinore"]
[Date "2014.07.22"]
[Round "2"]
[White "Jacobsen, Caroline Beer"]
[Black "Moller, Arne"]
[Result "0-1"]
[WhiteElo "1622"]
[BlackElo "1886"]
[PlyCount "50"]
[EventDate "2014.07.21"]
[EventType "swiss"]
[EventRounds "10"]
[EventCountry "DEN"]
[Source "ChessBase"]
[SourceDate "2014.08.29"]

1. e4 c5 2. Nc3 d6 3. f4 e6 4. Bb5+ Bd7 5. Bxd7+ Qxd7 6. d3 Nc6 7. Nf3 g6 8.
O-O Bg7 9. Qe1 Nge7 10. a3 O-O 11. Qh4 Nd4 12. Rf2 Nec6 13. Nd1 Qe7 14. Qh3 f5
15. e5 Nxf3+ 16. gxf3 dxe5 17. fxe5 Nxe5 18. Rg2 f4 19. Nf2 Rf5 20. Rg4 Nxg4
21. fxg4 Rf7 22. c3 g5 23. Bd2 Rd8 24. Ne4 h6 25. Rf1 b6 0-1

[Event "36. Copenhagen Open (Politiken Cup)"]
[Site "Elsinore"]
[Date "2014.07.22"]
[Round "2"]
[White "Jacobsen, Mikkel Manosri"]
[Black "Haubro, Martin"]
[Result "0-1"]
[WhiteElo "2030"]
[BlackElo "2224"]
[PlyCount "78"]
[EventDate "2014.07.21"]
[EventType "swiss"]
[EventRounds "10"]
[EventCountry "DEN"]
[Source "ChessBase"]
[SourceDate "2014.08.29"]

1. d4 Nf6 2. Nf3 c5 3. dxc5 e6 4. Be3 Na6 5. c4 Nxc5 6. Nc3 Be7 7. g3 Qa5 8.
Bg2 Nce4 9. Bd4 Nxc3 10. Bxc3 Bb4 11. Bd2 Ne4 12. a3 Nxd2 13. Nxd2 Be7 14. O-O
O-O 15. Qc2 d6 16. Be4 f5 17. Bg2 Qc7 18. e4 f4 19. e5 dxe5 20. Be4 Rf6 21.
Bxh7+ Kf7 22. Nf3 Rh6 23. Bd3 Bd7 24. Rae1 Bf6 25. Qe2 Rah8 26. h4 Rh5 27. g4
Rxh4 28. Nxh4 Rxh4 29. f3 Rh3 30. b4 Qd8 31. Kg2 Rg3+ 32. Kf2 Bh4 33. Rh1 Bc6
34. Qxe5 Rxf3+ 35. Kg2 Rg3+ 36. Kh2 Rg2+ 37. Kh3 Qxd3+ 38. Kxh4 Qg3+ 39. Kg5
Qxg4# 0-1

[Event "36. Copenhagen Open (Politiken Cup)"]
[Site "Elsinore"]
[Date "2014.07.22"]
[Round "2"]
[White "Jarlnaes, Erik"]
[Black "Petersen, Jan"]
[Result "1/2-1/2"]
[WhiteElo "1892"]
[BlackElo "1638"]
[PlyCount "64"]
[EventDate "2014.07.21"]
[EventType "swiss"]
[EventRounds "10"]
[EventCountry "DEN"]
[Source "ChessBase"]
[SourceDate "2014.08.29"]

1. e4 c5 2. Nf3 d6 3. d4 cxd4 4. Nxd4 Nf6 5. Nc3 a6 6. Bg5 e6 7. Be2 Be7 8. Qd2
h6 9. Be3 Nbd7 10. O-O O-O 11. f4 Qc7 12. a4 Nc5 13. Bf3 e5 14. Nde2 Bd7 15. b4
Ne6 16. Nd5 Nxd5 17. exd5 Nxf4 18. Nxf4 exf4 19. Bxf4 Bf6 20. Ra3 Rac8 21. Be4
Bc3 22. Qd1 Qb6+ 23. Kh1 Qxb4 24. Rxc3 Qxc3 25. Bxd6 Rfe8 26. Bd3 Bxa4 27. Qf3
f6 28. Qf5 Bxc2 29. Qh7+ Kf7 30. Qg6+ Kg8 31. Qh7+ Kf7 32. Qg6+ Kg8 1/2-1/2

[Event "36. Copenhagen Open (Politiken Cup)"]
[Site "Elsinore"]
[Date "2014.07.22"]
[Round "2"]
[White "Jensen, Ib"]
[Black "Pedersen, Carl Aage"]
[Result "0-1"]
[WhiteElo "1982"]
[BlackElo "1769"]
[PlyCount "94"]
[EventDate "2014.07.21"]
[EventType "swiss"]
[EventRounds "10"]
[EventCountry "DEN"]
[Source "ChessBase"]
[SourceDate "2014.08.29"]

1. d4 d5 2. Nf3 Nf6 3. e3 e6 4. Bd3 g6 5. b3 c6 6. O-O b6 7. Ne5 Qc7 8. Qf3
Nbd7 9. Nd2 Bg7 10. Nxd7 Bxd7 11. Ba3 e5 12. dxe5 Qxe5 13. h3 c5 14. e4 O-O 15.
Rad1 Bc6 16. exd5 Bxd5 17. Qe2 Qxe2 18. Bxe2 Rfd8 19. c4 Bc6 20. Nf3 Ne4 21.
Rxd8+ Rxd8 22. Rc1 Nc3 23. Kf1 Nxa2 24. Rc2 Nc3 25. Bb2 Nxe2 26. Bxg7 Bxf3 27.
gxf3 Kxg7 28. Kxe2 Kf6 29. Rc3 Re8+ 30. Kf1 Rd8 31. Kg2 Rd7 32. Re3 a6 33. Kg3
b5 34. cxb5 axb5 35. f4 Rc7 36. Kf3 c4 37. bxc4 bxc4 38. Rc3 Kf5 39. h4 h5 40.
Rc1 c3 41. Rc2 Rc4 42. Ke3 Re4+ 43. Kd3 Rxf4 44. Kxc3 Rxh4 45. Kd3 Re4 46. Rc7
f6 47. Rf7 Re6 0-1

[Event "36. Copenhagen Open (Politiken Cup)"]
[Site "Elsinore"]
[Date "2014.07.22"]
[Round "2"]
[White "Jorgensen, Alexander Torp"]
[Black "Nilssen, John Arni"]
[Result "0-1"]
[WhiteElo "1762"]
[BlackElo "2322"]
[PlyCount "52"]
[EventDate "2014.07.21"]
[EventType "swiss"]
[EventRounds "10"]
[EventCountry "DEN"]
[Source "ChessBase"]
[SourceDate "2014.08.29"]

1. e4 c5 2. c4 Nc6 3. Nc3 g6 4. g3 Bg7 5. Bg2 e6 6. d3 Nge7 7. Nge2 d6 8. Be3
Nd4 9. O-O a6 10. Qd2 h5 11. f4 f5 12. Nd1 Nec6 13. Nf2 Bd7 14. Bxd4 Nxd4 15.
Nxd4 Bxd4 16. exf5 gxf5 17. Rae1 h4 18. b3 Qf6 19. Bxb7 Ra7 20. Qa5 hxg3 21.
hxg3 Rxb7 22. Qxa6 Rc7 23. Qxd6 Rc6 24. Qb8+ Rc8 25. Qb6 Bc6 26. Qa6 Rh1# 0-1

[Event "36. Copenhagen Open (Politiken Cup)"]
[Site "Elsinore"]
[Date "2014.07.22"]
[Round "2"]
[White "Karlsson, Ulf"]
[Black "Kistrup, Nicolai"]
[Result "1/2-1/2"]
[WhiteElo "1994"]
[BlackElo "1786"]
[PlyCount "120"]
[EventDate "2014.07.21"]
[EventType "swiss"]
[EventRounds "10"]
[EventCountry "DEN"]
[Source "ChessBase"]
[SourceDate "2014.08.29"]

1. e4 c5 2. Nc3 g6 3. g3 Bg7 4. Bg2 d6 5. d3 Nc6 6. f4 Nf6 7. Nge2 O-O 8. h3 a6
9. g4 Nd7 10. Ng3 b5 11. O-O b4 12. Nce2 Qb6 13. Kh2 a5 14. Rb1 a4 15. f5 Bb7
16. Nf4 Nd4 17. Bd2 Nb5 18. c3 bxc3 19. bxc3 Qa6 20. Qc1 Ne5 21. g5 Rab8 22. c4
Nd4 23. Be3 Bc6 24. Bxd4 cxd4 25. Qc2 Qa5 26. fxg6 hxg6 27. Nge2 Qa7 28. Nd5
Bxd5 29. exd5 Qc5 30. Be4 Rfc8 31. Nf4 a3 32. Rb3 Rxb3 33. Qxb3 Qa7 34. Rb1 Nd7
35. Kg3 Rb8 36. Qc2 Rxb1 37. Qxb1 Qb6 38. Qxb6 Nxb6 39. Ne2 Na4 40. Kf2 Nc3 41.
Nxc3 dxc3 42. Ke2 Bd4 43. Kd1 Be3 44. Kc2 Bxg5 45. Kxc3 Bc1 46. d4 Bb2+ 47. Kd3
f5 48. Bf3 Kf7 49. c5 Ke8 50. Bd1 Kd7 51. Ba4+ Kd8 52. Bc2 Kc7 53. Kc4 Ba1 54.
Ba4 Kd8 55. Bc2 Kc7 56. h4 Bb2 57. h5 gxh5 58. Bxf5 h4 59. Be6 Ba1 60. Kd3 Kb7
1/2-1/2

[Event "36. Copenhagen Open (Politiken Cup)"]
[Site "Elsinore"]
[Date "2014.07.22"]
[Round "2"]
[White "Keen, Cosima C"]
[Black "Henrichsen, Jens"]
[Result "1/2-1/2"]
[WhiteElo "1729"]
[BlackElo "1959"]
[PlyCount "59"]
[EventDate "2014.07.21"]
[EventType "swiss"]
[EventRounds "10"]
[EventCountry "DEN"]
[Source "ChessBase"]
[SourceDate "2014.08.29"]

1. d4 Nf6 2. Nf3 g6 3. Bf4 Bg7 4. e3 O-O 5. Be2 Nh5 6. Bg5 c5 7. c3 b6 8. Nfd2
Nf6 9. Bf3 d5 10. dxc5 bxc5 11. Nb3 Nbd7 12. Bxd5 Ne5 13. Bxf6 Bxf6 14. f4 Bh4+
15. g3 Bg4 16. Qd2 Bf3 17. Bxa8 Nd3+ 18. Qxd3 Qxd3 19. Bxf3 Qxe3+ 20. Be2 Bf6
21. N1d2 Rb8 22. Nc4 Qe4 23. Rg1 h5 24. Nxc5 Qc2 25. Nd7 Bxc3+ 26. bxc3 Qxc3+
27. Kf2 Qd4+ 28. Ne3 Qxd7 29. Rab1 Rc8 30. Rgc1 1/2-1/2

[Event "36. Copenhagen Open (Politiken Cup)"]
[Site "Elsinore"]
[Date "2014.07.22"]
[Round "2"]
[White "Koepke, Christian"]
[Black "Wilen, Eero"]
[Result "1-0"]
[WhiteElo "2322"]
[BlackElo "2087"]
[PlyCount "123"]
[EventDate "2014.07.21"]
[EventType "swiss"]
[EventRounds "10"]
[EventCountry "DEN"]
[Source "ChessBase"]
[SourceDate "2014.08.29"]

1. e4 c6 2. d4 d5 3. f3 Nf6 4. e5 Nfd7 5. f4 Nb6 6. Bd3 g6 7. Nf3 Bg4 8. Nbd2
e6 9. h3 Bxf3 10. Nxf3 c5 11. c3 Nc6 12. O-O Qc7 13. Qe2 O-O-O 14. Be3 Na5 15.
Kh1 c4 16. Bc2 Kb8 17. Bd2 h6 18. b4 Nc6 19. a4 a5 20. b5 Ne7 21. g4 h5 22. Kg2
hxg4 23. hxg4 Nec8 24. Be1 Be7 25. Bg3 Rh6 26. Rh1 Rdh8 27. Rxh6 Rxh6 28. Qd2
Rh8 29. Kf2 Ka8 30. Rg1 Qd8 31. f5 gxf5 32. gxf5 exf5 33. Qf4 Rg8 34. Qxf5 Qf8
35. Qf4 Qg7 36. Bh2 Qf8 37. e6 Nd6 38. Rxg8 Qxg8 39. exf7 Qxf7 40. Qxf7 Nxf7
41. Bc7 Ka7 42. Ke3 Bd6 43. Bxb6+ Kxb6 44. Bf5 Nd8 45. Bh7 Ne6 46. Bg8 Bf4+ 47.
Ke2 Nc7 48. Ne1 Bc1 49. Nc2 Nxb5 50. axb5 Kxb5 51. Bxd5 a4 52. Kd1 Bb2 53. Kd2
a3 54. Nb4 b6 55. Kc2 Ba1 56. Bc6+ Ka5 57. d5 b5 58. d6 Kb6 59. d7 Kc7 60. Bxb5
Bb2 61. Nd5+ Kd8 62. Nf4 1-0

[Event "36. Copenhagen Open (Politiken Cup)"]
[Site "Elsinore"]
[Date "2014.07.22"]
[Round "2"]
[White "Koetz, Andreas"]
[Black "Stojanovski, Sandi"]
[Result "1/2-1/2"]
[WhiteElo "2031"]
[BlackElo "2230"]
[PlyCount "54"]
[EventDate "2014.07.21"]
[EventType "swiss"]
[EventRounds "10"]
[EventCountry "DEN"]
[Source "ChessBase"]
[SourceDate "2014.08.29"]

1. d4 Nf6 2. c4 e6 3. g3 Bb4+ 4. Nd2 d6 5. Ngf3 O-O 6. a3 Bxd2+ 7. Bxd2 b6 8.
Bg2 Bb7 9. O-O Nbd7 10. Bc3 Ne4 11. Qc2 Nxc3 12. Qxc3 c5 13. Rfd1 Qc7 14. Rac1
Rfd8 15. Qc2 Nf6 16. Nh4 cxd4 17. Rxd4 Rac8 18. Bxb7 Qxb7 19. Qd1 Qb8 20. e3 b5
21. cxb5 Rxc1 22. Qxc1 Qxb5 23. Qc7 Qd7 24. Qxd7 Rxd7 25. Nf3 d5 26. Rb4 g6 27.
a4 Rc7 1/2-1/2

[Event "36. Copenhagen Open (Politiken Cup)"]
[Site "Elsinore"]
[Date "2014.07.22"]
[Round "2"]
[White "Kristiansen, Jens"]
[Black "Nielsen, Jorgen Lovgren"]
[Result "1-0"]
[WhiteElo "2412"]
[BlackElo "2135"]
[PlyCount "71"]
[EventDate "2014.07.21"]
[EventType "swiss"]
[EventRounds "10"]
[EventCountry "DEN"]
[Source "ChessBase"]
[SourceDate "2014.08.29"]

1. d4 d5 2. c4 e6 3. Nc3 Nf6 4. cxd5 exd5 5. Bg5 Be7 6. e3 O-O 7. Bd3 c6 8. Qc2
h6 9. Bh4 Re8 10. Nge2 Nbd7 11. O-O Nf8 12. f3 Ne6 13. Rad1 b6 14. Kh1 Bb7 15.
Bf5 Qc7 16. Bg3 Bd6 17. Bxd6 Qxd6 18. e4 Nd7 19. e5 Qe7 20. f4 Rac8 21. Qd2
Red8 22. Bd3 c5 23. Nb5 Nxd4 24. Nexd4 cxd4 25. Nd6 Rc7 26. b4 Nf8 27. Nf5 Qe8
28. Nxd4 Ne6 29. Nb5 Rcd7 30. Nxa7 Ra8 31. Nb5 Bc6 32. Nd6 Qe7 33. Bb1 Rc7 34.
Qd3 Nf8 35. Qg3 Rca7 36. Nf5 1-0

[Event "36. Copenhagen Open (Politiken Cup)"]
[Site "Elsinore"]
[Date "2014.07.22"]
[Round "2"]
[White "Langer, Peter"]
[Black "Lunde, Sigmund"]
[Result "1/2-1/2"]
[WhiteElo "1546"]
[BlackElo "1879"]
[PlyCount "55"]
[EventDate "2014.07.21"]
[EventType "swiss"]
[EventRounds "10"]
[EventCountry "DEN"]
[Source "ChessBase"]
[SourceDate "2014.08.29"]

1. d4 d5 2. Nf3 Nf6 3. Bf4 e6 4. Nbd2 c5 5. c3 Nc6 6. h3 Bd7 7. e3 Be7 8. Be2
O-O 9. O-O Rc8 10. Rc1 cxd4 11. exd4 Ne4 12. Nxe4 dxe4 13. Nd2 f5 14. Nc4 g5
15. Bh2 Be8 16. Qb3 b6 17. f4 Qd5 18. Ne3 Qxb3 19. axb3 h6 20. Bc4 Bf7 21. Ba6
Rcd8 22. b4 Kh7 23. Ra1 Be8 24. Bb7 Nxd4 25. cxd4 Rxd4 26. Nc2 Rc4 27. Rfc1 Kg6
28. Ba6 1/2-1/2

[Event "36. Copenhagen Open (Politiken Cup)"]
[Site "Elsinore"]
[Date "2014.07.22"]
[Round "2"]
[White "Haagen Larsen, Hans"]
[Black "Astrom, Lars"]
[Result "0-1"]
[WhiteElo "1683"]
[BlackElo "1939"]
[PlyCount "124"]
[EventDate "2014.07.21"]
[EventType "swiss"]
[EventRounds "10"]
[EventCountry "DEN"]
[Source "ChessBase"]
[SourceDate "2014.08.29"]

1. d4 d5 2. Bf4 Nf6 3. e3 c6 4. c3 Bg4 5. Be2 Bxe2 6. Qxe2 e6 7. Nf3 Bd6 8. Ne5
O-O 9. Nd2 c5 10. O-O Qc7 11. Ndf3 Nc6 12. a4 Nd7 13. Nxd7 Qxd7 14. Bxd6 Qxd6
15. dxc5 Qxc5 16. Rfc1 Qb6 17. Qb5 Na5 18. Nd2 Rfc8 19. b3 Rc7 20. Ra2 Rac8 21.
Qxb6 axb6 22. Rac2 Kf8 23. c4 dxc4 24. bxc4 Rc6 25. Kf1 Ke7 26. Ke2 f6 27. f4
Rd8 28. Rc3 Rdc8 29. g4 Rc5 30. Kd3 Rd8+ 31. Kc2 h5 32. h3 hxg4 33. hxg4 Rh8
34. Rb1 Rh2 35. Kd3 Rc7 36. Nf3 Rd7+ 37. Ke4 Ra2 38. Rb4 Nc6 39. Rxb6 Rxa4 40.
Nd4 Na5 41. c5 Nc6 42. Kf3 Nxd4+ 43. exd4 Raxd4 44. c6 bxc6 45. Ke3 Rd1 46.
Rcxc6 R1d3+ 47. Ke2 R3d6 48. Ke3 Rxc6 49. Rxc6 Ra7 50. Ke4 Ra4+ 51. Ke3 Ra5 52.
Rc7+ Kf8 53. Ke4 f5+ 54. gxf5 exf5+ 55. Kd4 Kg8 56. Rc5 Rxc5 57. Kxc5 Kh7 58.
Kd5 Kh6 59. Ke5 g6 60. Kd4 Kh5 61. Kd3 Kg4 62. Ke3 Kg3 0-1

[Event "36. Copenhagen Open (Politiken Cup)"]
[Site "Elsinore"]
[Date "2014.07.22"]
[Round "2"]
[White "Lauridsen, Jesper Morch"]
[Black "Frisk, Hans"]
[Result "1/2-1/2"]
[WhiteElo "2244"]
[BlackElo "2042"]
[PlyCount "43"]
[EventDate "2014.07.21"]
[EventType "swiss"]
[EventRounds "10"]
[EventCountry "DEN"]
[Source "ChessBase"]
[SourceDate "2014.08.29"]

1. e4 e5 2. Nc3 Nc6 3. Nf3 Nf6 4. d4 exd4 5. Nd5 Nb4 6. Bc4 Nbxd5 7. exd5 Bb4+
8. Bd2 Qe7+ 9. Kf1 O-O 10. Bxb4 Qxb4 11. Qxd4 b5 12. Bb3 Qxd4 13. Nxd4 Ba6 14.
f3 Rfe8 15. Kf2 Re5 16. Rhe1 Rae8 17. Rxe5 Rxe5 18. a4 b4 19. Nb5 Nxd5 20. Bxd5
Rxd5 21. Nxc7 Rd2+ 22. Kg3 1/2-1/2